| 000 | 00511nam a2200193Ia 4500 | ||
|---|---|---|---|
| 005 | 20230110120647.0 | ||
| 008 | 131103s9999 xx 000 0 und d | ||
| 020 | _a340178752 | ||
| 040 | _aLoreto College | ||
| 041 | _aEnglish | ||
| 082 |
_a813.54 _bPAG |
||
| 100 | _aPage,Martin | ||
| 245 | 4 |
_aThe Company savage _b life in the corporate jungle _cMartin Page |
|
| 260 |
_aLondon _bCoronet Books _c1974 |
||
| 300 | _a255 p. | ||
| 650 | _aAmerican Fiction - 20th Century | ||
| 850 | _aLCLIB | ||
| 942 | _cBK | ||
| 999 |
_c12058 _d62537 |
||